LEADER 01178nam0 22002891i 450 001 UON00439095 005 20231205104941.801 100 $a20140507d1976 |0itac50 ba 101 $arus 102 $aRU 105 $a|||| 1|||| 200 1 $aGolosa iz Rossii$eSborniki A. I. Gercena i N. P. Ogareva. Kni?ki 8.-9, 1859-1860, vyp. 3 210 $aMoskva$cNauka$d1976 215 $a142, 187, 204 p.$d15 cm. 620 $aRU$dMoskva$3UONL003152 676 $a891.703$cLetteratura russa. 1800-1917$v21 676 $a947.081$cStoria della Russia. regno di Alessandro II, 1855-1881$v21 700 1$aHERZEN$bAleksandr Ivanovi?$3UONV110237$0426016 701 1$aOGAREV$bNikolaj Platonovi?$3UONV129310$0559854 712 $aNauka$3UONV269754$4650 790 1$aGERCEN, Aleksandr I.$zHERZEN, Aleksandr Ivanovi?$3UONV110238 801 $aIT$bSOL$c20241213$gRICA 899 $aSIBA - SISTEMA BIBLIOTECARIO DI ATENEO$2UONSI 912 $aUON00439095 950 $aSIBA - SISTEMA BIBLIOTECARIO DI ATENEO$dSI RUSSO A 3068 $eSI EO 4560 7 3068 996 $aGolosa iz Rossii$91737191 997 $aUNIOR